Obstarávanie zákaziek, ktorých predmetom je opakované plnenie - teoretické a praktické aspekty
V tomto príspevku sa autori venujú problematike obstarávania zákaziek, ktoré verejní obstarávatelia zadávajú na pravidelnej báze, t. j. ide o plnenia, ktoré verejní obstarávatelia využívajú, resp. potrebujú mať k dispozícii nepretržite alebo dodávané pravidelne bez ich akéhokoľvek prerušenia a ktoré...
Salvato in:
| Autore principale: | |
|---|---|
| Altri autori: | |
| Natura: | Capitolo di libro |
| Lingua: | slovacco |
| Soggetti: | |
| Tags: |
Nessun Tag, puoi essere il primo ad aggiungerne!!
|
MARC
| LEADER | 00000naa a2200000 4500 | ||
|---|---|---|---|
| 001 | 0291752 | ||
| 005 | 20240417075231.3 | ||
| 041 | 0 | |a slo | |
| 044 | |a SK | ||
| 245 | 1 | 0 | |a Obstarávanie zákaziek, ktorých predmetom je opakované plnenie - teoretické a praktické aspekty |c Jakub Michalica, Maroš Katkovčin |
| 520 | |a V tomto príspevku sa autori venujú problematike obstarávania zákaziek, ktoré verejní obstarávatelia zadávajú na pravidelnej báze, t. j. ide o plnenia, ktoré verejní obstarávatelia využívajú, resp. potrebujú mať k dispozícii nepretržite alebo dodávané pravidelne bez ich akéhokoľvek prerušenia a ktoré obstarávajú v pravidelných intervaloch, napríklad každých 12 mesiacov. Spravidla možno hovoriť najmä o dodávke energií a telekomunikačných službách. Hlavným cieľom príspevku je poukázať na skutočnosti, ktoré môžu viesť k otvoreniu súťaže a získaniu čo najlepších plnení a výhodných cenových ponúk v prípade obstarávania tohto druhu plnení. Zároveň je cieľom priblížiť legislatívne nedostatky, ktoré autori v tejto súvislosti v zákone č. 343/2015 Z. z. o verejnom obstarávaní a o zmene a doplnení niektorých zákonov v z. n. p. vnímajú. | ||
| 610 | 2 | 0 | |a obstarávanie verejné |
| 610 | 2 | 0 | |a zákazky |
| 610 | 2 | 0 | |a dodávatelia |
| 610 | 2 | 0 | |a súťaž verejná |
| 610 | 2 | 0 | |a legislatíva |
| 610 | 2 | 0 | |a zákony |
| 100 | 1 | |a Michalica, Jakub | |
| 700 | 1 | |a Katkovčin, Maroš | |